000 01428nam a2200349 c 4500
003 BLK
005 20180420223409.0
008 180408b bul|||||r ||||||| ||bul||
010 _aKNG00070127000
020 _a954-9441-03-2
_bиздат.: Elsi M
040 _aBLK
041 _aBUL
_cBUL
080 _aВисше образование. Висши учебни заведения
_b378
_x(4)(035)
_z378(4)(035)
700 1 _aМихайлова, Юлиана
_eсъстав.
_9291587
139 _aКъде да следваме на английски в Европа
_bК 95
245 1 0 _aКъде да следваме на английски в Европа
_bПълен справочник 2006
_cсъстав. Юлиана Михайлова.
257 _aBGR
260 София
_bElsi M
_c2006
_fСофия : Наука и образование
300 _a320 с.
_bс ил., табл.
_c20 см
380 _a3
490 1 _aОбразование специализация в чужбина
650 4 _aВисше образование - Европа
_9266799
650 4 _aСтуденти - в чужбина
_9279895
653 _aвисше образование
653 _aанглоезични държави
653 _aследване
852 _aЦб 230491
856 4 _qpdf
_u
856 4 _qpdf
_u
942 _cKNG
_n0
944 _aCR
_c19.12.2006
_kГеновева_Генчева
944 _aED
_c23.11.2007
_k
999 _c65845
_d65845